| 000 | 01297aaa a2200289 a 4500 | ||
|---|---|---|---|
| 003 | BLK | ||
| 005 | 20240729150059.0 | ||
| 007 | ta | ||
| 008 | 221104b bu |||||r|||| 00| | bu d | ||
| 040 | _aBLK | ||
| 041 |
_aBUL _cBUL |
||
| 080 |
_aКомунистически партии. Вж и 327.323 _b329.15 _x(497.2) _z329.15(497.2) |
||
| 080 |
_aДеец на българското и международното комунистическо движение _b929 Аврамов, Роман Петков _z929 Аврамов, Роман Петков |
||
| 100 |
_9366206 _aЙорданов, Любомир |
||
| 245 |
_aДвама от Ленинската гвардия _cЛюбомир Йорданов |
||
| 300 | _a№ 44, 3 ноем. 1969, с. 7. | ||
| 520 | _aЗа Роман Аврамов и Борис Стоманяков. | ||
| 600 | 0 |
_9314956 _aАврамов, Роман |
|
| 600 | 0 |
_9493724 _aСтомоняков, Борис Спиридонович |
|
| 653 |
_9195878 _aрусенци |
||
| 653 |
_9474406 _aпартийни дейци |
||
| 773 | 0 |
_tПОГЛЕД _x0205-1168 _w292421 _dПоглед - медия 1966 _i. // |
|
| 856 |
_i0.00 _ldisable |
||
| 942 |
_2udc _cSTA _n0 |
||
| 944 |
_cМоника Янева _k30570 _lМоника Янева |
||
| 999 |
_c503995 _d503995 |
||
| 999 | _d503995 | ||